Statistics for Guess the city after the picture

Click here to take the quiz!

General Stats

  • This quiz has been taken 6 times
  • The average score is 6 of 15

Answer Stats

Answer% Correct
Rio de Janeiro
100%
Chicago
83%
Prague
83%
Barcelona
67%
Reykjavik
67%
Cologne
50%
Dallas
33%
Vancouver
33%
Lima
17%
Merida
17%
Montreal
17%
Phoneix
17%
Vienna
17%
Istabul
0%
Lyon
0%

Score Distribution

Percentile by Number Answered

Percent of People with Each Score

Your Score History

You have not taken this quiz